Τα δικαιώματα της γυναίκας : σύμφωνα με τη[ν] ευρωπαϊκή σύμβαση των δικαιωμάτων του ανθρώπου : πτυχιακή εργασία
Η μελέτη αυτή αφορά τα δικαιώματα της γυναίκας σύμφωνα με την Ευρωπαϊκή Σύμβαση των Δικαιωμάτων του Ανθρώπου ( ΕΣΔΑ ) και την πορεία των δικαιωμάτων της γυναίκας στην Ελλάδα μέχρι σήμερα. Σημειώνεται ότι έχει πραγματοποιηθεί μεγάλη πρόοδος στη νομική κατοχύρωση των δικαιωμάτων της γυναίκας μέσα στα...
Αποθηκεύτηκε σε:
| Κύριος συγγραφέας: | |
|---|---|
| Συγγραφή απο Οργανισμό/Αρχή: | |
| Μορφή: | Thesis Βιβλίο |
| Γλώσσα: | Greek |
| Δημοσίευση: |
2015.
|
| Θέματα: | |
| Διαθέσιμο Online: | http://hdl.handle.net/11610/7834 |
| Ετικέτες: |
Προσθήκη ετικέτας
Δεν υπάρχουν, Καταχωρήστε ετικέτα πρώτοι!
|
MARC
| LEADER | 00000cam a2200000 a 4500 | ||
|---|---|---|---|
| 001 | 1/110068 | ||
| 008 | 160225s2015####gr | ||| |||| ||gre|| | ||
| 040 | |a GR-MyUa |b gre |c GR-MyUa |e AACR2 | ||
| 041 | 0 | |a gre | |
| 082 | 7 | |a 305.42 |2 (23) | |
| 100 | 1 | |a Ρώτα, Ισαβέλλα. | |
| 245 | 1 | 3 | |a Τα δικαιώματα της γυναίκας : |b σύμφωνα με τη[ν] ευρωπαϊκή σύμβαση των δικαιωμάτων του ανθρώπου : πτυχιακή εργασία / |c φοιτήτρια: Ρώτα Ισαβέλλα ; επιβλέπων καθηγητής: Π. Γρηγορίου. |
| 260 | |c 2015. | ||
| 300 | |a 68 σ. ; |c 29 εκ. | ||
| 500 | |a Επιτροπή: Ζώρας Κ., Τρουμπέτα Σ. | ||
| 502 | |a Πτυχιακή εργασία – Πανεπιστήμιο Αιγαίου, Λέσβος, 2015. | ||
| 504 | |a Βιβλιογραφία: σ. 62-68. | ||
| 506 | 1 | |a Ηλεκτρονική διάθεση στο πλήρες κείμενο - περιορισμένης πρόσβασης. | |
| 520 | 8 | |a Η μελέτη αυτή αφορά τα δικαιώματα της γυναίκας σύμφωνα με την Ευρωπαϊκή Σύμβαση των Δικαιωμάτων του Ανθρώπου ( ΕΣΔΑ ) και την πορεία των δικαιωμάτων της γυναίκας στην Ελλάδα μέχρι σήμερα. Σημειώνεται ότι έχει πραγματοποιηθεί μεγάλη πρόοδος στη νομική κατοχύρωση των δικαιωμάτων της γυναίκας μέσα στα πλαίσια της Ευρωπαϊκής έννομης τάξης. Παρόλο αυτά τα ευρήματα της έρευνας μέσα από την μελέτη πρακτικών υποθέσεων που έχουν δικαστεί από το Ευρωπαϊκό Δικαστήριο δείχνουν ότι ενώ δικαιώνονται οι περισσότερες προσφυγές οι γυναίκες δεν γνωρίζουν τα δικαιώματα τους και η προστασία τους περιορίζεται σημαντικά από την άγνοια αυτή. | |
| 540 | |a Κλειδωμένη η δυνατότητα αντιγραφής (copy) από το ηλεκτρονικό κείμενο. | ||
| 650 | 0 | |a Women's rights. | |
| 700 | 1 | |a Γρηγορίου, Παναγιώτης Γ. |e dgs | |
| 710 | 2 | |a Πανεπιστήμιο Αιγαίου |b Σχολή Κοινωνικών Επιστημών |b Τμήμα Κοινωνιολογίας. | |
| 852 | |a INST |b LESVOS |c DIATR |e 20160225 |h 535 |p 005100057192 |q 005100057192 |t DIE |y 23 | ||
| 852 | |a INST |b LESVOS |c DIATR |e 20160225 |h 536 |p 005100057191 |q 005100057191 |t DIE |y 23 | ||
| 856 | |u http://hdl.handle.net/11610/7834 | ||
| 924 | |a Ρώτα |b Ισαβέλλα |y Λέσβος | ||
| 970 | |a Πατσή |b Ανθίππη |z 25-02-2016 | ||